| 000 | 01740nam a2200433Ii 4500 | ||
|---|---|---|---|
| 001 | DIGHERDER0107 | ||
| 003 | NyNyDIG | ||
| 007 | cr ||||||||||| | ||
| 008 | 220414s2013 sp a o 000 0 spa d | ||
| 006 | m o d | ||
| 035 | _a(OCoLC)951158755 | ||
| 040 |
_aDGITA _beng _erda _epn _cDGITA |
||
| 020 |
_a9788425431180 _qeBook _qePub |
||
| 020 | _z9788425423123 | ||
| 041 | 1 |
_aspa _hger |
|
| 050 | 1 | 4 | _aBD23 ebook |
| 100 | 1 |
_aHeidegger, Martin, _d1889-1976, _eauthor. |
|
| 240 | 1 | 0 |
_aWas ist das-die philosophie?. _lSpanish _s(Escudero) |
| 245 | 1 | 0 |
_a¿Qué es la filosofía? / _cMartin Heidegger ; prólogo, traducción y notas aclaratorias de Jesús Adrián Escudero. |
| 264 | 1 |
_aBarcelona : _bHerder, _c2013. |
|
| 300 | _a1 online resource. | ||
| 336 |
_atext _btxt _2rdacontent |
||
| 337 |
_acomputer _bc _2rdamedia |
||
| 338 |
_aonline resource _bcr _2rdacarrier |
||
| 347 |
_atext file _2rdaft |
||
| 347 | _bEPUB | ||
| 588 | 0 | _aOnline resource; title from ePub title page (Digitalia, viewed April 14, 2022) | |
| 650 | 0 | _aPhilosophy. | |
| 650 | 0 | _aDialectical materialism. | |
| 655 | 0 | _aElectronic books. | |
| 700 | 1 |
_aEscudero, Jesús Adrián, _etranslator, _econtributor agent of text. |
|
| 700 | 1 |
_iTranslation of: _aHeidegger, Martin, _d1889-1976. _tWas ist das-die philosophie?. |
|
| 791 | 2 |
_aDigitalia (Firm), _edistributor. |
|
| 793 | 0 |
_gDigitalia eBook Collection: _aHerder Editorial |
|
| 776 | 0 | 8 |
_iPrint version: _aHeidegger, Martin, 1889-1976. _sWas ist das-die philosophie?. Spanish (Escudero). _t¿Qué es la filosofía?. _dBarcelona : Herder, 2013 _z9788425423123 |
| 856 | 4 | 0 |
_3Digitalia Hispánica _uhttps://www.digitaliapublishing.com/a/61123/ |
| 910 | _aPremium collection: 2022 | ||
| 942 | _cRAA | ||
| 999 |
_c257403 _d257403 |
||